Mortgage and general insurance regulation in the UK (Record no. 73978)

MARC details
000 -LEADER
fixed length control field 01296cam a2200205 4500
001 - CONTROL NUMBER
control field WB4001-30
008 - FIXED-LENGTH DATA ELEMENTS--GENERAL INFORMATION
fixed length control field 031219n2003 000 0 eng u
035 ## - SYSTEM CONTROL NUMBER
System control number (Sirsi) u124656
245 ## - TITLE STATEMENT
Title Mortgage and general insurance regulation in the UK
260 ## - PUBLICATION, DISTRIBUTION, ETC.
Date of publication, distribution, etc. 2003
490 ## - SERIES STATEMENT
Series statement RICS Feature
Volume/sequential designation 15 December 2003 (3)
520 ## - SUMMARY, ETC.
Summary, etc. The HM Treasury has decided to extend the powers of the Financial Services Authority (FSA) under the Financial Services and Markets Act 2000 to include the regulation of mortgage lending, sales and administration and general insurance sales and administration. Mortgage regulation is changing on 31 October 2004 and general insurance regulation on 14 January 2005. Estate agents may be covered by the mortgage regulations and property managers who administer insurance will be covered by the general insurance regulations. FSA fact sheet is available at http://www.fsa.gov.uk/mgi/factsheets/fsa_2_changes_p8.pdf. http://www.rics.org/ricscms/bin/show?class=Feature&template=/includes/showfeature.html&id=917&faculty=RICS
590 ## - LOCAL NOTE (RLIN)
Local note WB
650 ## - SUBJECT ADDED ENTRY--TOPICAL TERM
Topical term or geographic name entry element MORTGAGES
650 ## - SUBJECT ADDED ENTRY--TOPICAL TERM
Topical term or geographic name entry element Insurance
9 (RLIN) 6249
650 ## - SUBJECT ADDED ENTRY--TOPICAL TERM
Topical term or geographic name entry element PROFESSIONAL INDEMNITY INSURANCE
650 ## - SUBJECT ADDED ENTRY--TOPICAL TERM
Topical term or geographic name entry element FINANCIAL SERVICES AUTHORITY
690 ## - LOCAL SUBJECT ADDED ENTRY--TOPICAL TERM (OCLC, RLIN)
Topical term or geographic name as entry element MANAGEMENT-BUSINESS MANAGEMENT-PROFESSIONAL PRACTICE
942 ## - ADDED ENTRY ELEMENTS (KOHA)
Suppress in OPAC 0
Holdings
Withdrawn status Lost status Source of classification or shelving scheme Damaged status Not for loan Home library Current library Shelving location Date acquired Total Checkouts Full call number Barcode Date last seen Copy number Price effective from Koha item type
    Dewey Decimal Classification     London London News article 19/12/2003   WB4001-30 124656-1001 06/08/2019 1 06/08/2019 News article